000 00480nam a2200169Ia 4500
003 Ost
005 20260507075700.0
008 260507s9999||||xx |||||||||||||| ||und||
040 _cfsecg
041 _aara
100 _aالفداغ، فداغ
_eمؤلف
245 0 _aالمحاسبة الادارية /
_c فداغ الفداغ
260 _aعمان:
_bمؤسسة الوراق,
_c2000
300 _a359 صفحة؛
653 _aمحاسبة،ادارة
942 _cكتاب
999 _c45803
_d45803